000 00290nam a2200121 a 4500
005 20140414093834.0
008 030610s19uu xx 00 eng d
050 _aCDR 574
_bMUL 1996
245 _aMultimedia Biology.
650 _aBiology
_xInteractive.
942 _cAVM
999 _c108925
_d108925